| 000 | 00564nam a2200193 a 4500 | ||
|---|---|---|---|
| 005 | 20220602063702.0 | ||
| 008 | 021008s1998 es r 000 0 spa d | ||
| 020 | _a843391085X | ||
| 035 | _aUPN01000119987 | ||
| 049 | _aCG | ||
| 050 | 4 |
_aPQ8498.12 R8.2 _bD6.7 |
|
| 100 | 1 |
_aBryce Echenique, Alfredo, _d1939- |
|
| 245 | 1 | 0 |
_aDos seƱoras conversan : _bnovelas breves / _cAlfredo Bryce Echenique. |
| 260 |
_aBarcelona, Esp. : _bAnagrama, _c1998. |
||
| 300 | _a268 p. | ||
| 650 | 7 |
_aNovela peruana _2 _910208 |
|
| 650 | 4 |
_aLITERATURA PERUANA _919400 |
|
| 905 | _aLibro | ||
| 999 |
_c92337 _d92337 |
||